000 01414nam a2200385 i 4500
001 bg
100 0 _aKapuściński, Ryszard
_d(1932-2007).
245 0 0 _aPodróże z Herodotem /
_cRyszard Kapuściński.
250 _aWyd. 2.
260 _aWarszawa :
_bAgora,
_c2008.
300 _a209, [4] s. ;
_c22 cm.
490 1 _aKolekcja wybranych dzieł Ryszarda Kapuścińskiego / pod red. Bożeny Dudko i Mariusza Szczygła ;
_aBiblioteka Gazety Wyborczej
_vt. 12
490 1 _aBiblioteka Gazety Wyborczej
546 _aTekst częśc. tł. ze szw.
600 0 9 _aHerodotus
_d(ca 485-ca 425 a.C)
_tHistoriai
650 9 _aHistoriografia grecka
_y5 w. p.n.e.
650 9 _aPodróżnictwo
_yod 1945 r.
650 9 _aPublicystyka polska
_yod 1944 r.
655 _aPublicystyka
700 1 _aDudko, Bożena
_d(1963- ).
_eRed.
700 1 _aSzczygieł, Mariusz
_d(1966- ).
_eRed.
800 1 _aKapuściński, Ryszard
_d(1932-2007).
_tKolekcja wybranych dzieł Ryszarda Kapuścińskiego
_vt. 12
830 _aBiblioteka Gazety Wyborczej
020 _a9788375521221
020 _a9788375521276 (seria)
040 _cBPK
041 0 _apol
_hswe
044 _aPOL
080 _a913(100)"1945/...":930.1(38)"04"(091)A/Z
920 _a978-83-7552-122-1
920 _a978-83-7552-127-6 (seria)
942 _cKS
008 s pl f |000 0 pol
999 _c54910
_d54910
856 _uhttp://koha.tu.koszalin.pl/cgi-bin/koha/opac-detail.pl?biblionumber=54910
_yKatalog online BPK